| Tag |
First Indicator |
Second Indicator |
Subfields |
| LEADER |
00000cam a2200000 i 4500 |
| 001 |
in00003710189 |
| 005 |
20211030063057.0 |
| 008 |
160318t20162016maua b 001 0 eng c |
| 010 |
|
|
|a 2016012718
|
| 020 |
|
|
|a 9781612509525
|q (pbk.)
|
| 020 |
|
|
|a 1612509525
|q (pbk.)
|
| 020 |
|
|
|z 9781612509532
|q (library edition)
|
| 020 |
|
|
|a 1612509533 (library edition)
|
| 020 |
|
|
|a 9781612509532 (library edition)
|
| 024 |
8 |
|
|a 40026280994
|
| 035 |
|
|
|a (OCoLC)ocn945767560
|
| 035 |
|
|
|a (OCoLC)945767560
|
| 040 |
|
|
|a MH/DLC
|b eng
|e rda
|c STF
|d HLS
|d DLC
|d OCLCF
|d BDX
|d YDXCP
|d BTCTA
|d HMG
|d UtOrBLW
|
| 042 |
|
|
|a pcc
|
| 049 |
|
|
|a TXAM
|
| 050 |
0 |
0 |
|a LB1570
|b .H57 2016
|
| 082 |
0 |
0 |
|a 372
|2 23
|
| 100 |
1 |
|
|a Hirsch, E. D.,
|c Jr.
|q (Eric Donald),
|d 1928-
|e author.
|0 http://id.loc.gov/authorities/names/n50034757
|
| 245 |
1 |
0 |
|a Why knowledge matters :
|b rescuing our children from failed educational theories /
|c E.D. Hirsch, Jr.
|
| 264 |
|
1 |
|a Cambridge, Massachusetts :
|b Harvard Education Press,
|c [2016]
|
| 264 |
|
4 |
|c ©2016
|
| 300 |
|
|
|a 270 pages :
|b illustrations ;
|c 23 cm
|
| 336 |
|
|
|a text
|b txt
|2 rdacontent
|
| 337 |
|
|
|a unmediated
|b n
|2 rdamedia
|
| 338 |
|
|
|a volume
|b nc
|2 rdacarrier
|
| 504 |
|
|
|a Includes bibliographical references (pages 227-257) and index.
|
| 505 |
0 |
|
|a Prologue: the tyranny of three ideas -- The invalid testing of students -- The scapegoating of teachers -- Preschool and the persistence of fadeout -- The dilution of the elementary curriculum -- The persistence of achievement gaps -- The tribulations of the common core -- The educational fall of France -- The knowledge-based school -- Epilogue: breaking free -- Appendix i: the origins of natural-development theories of education -- Appendix ii: translations of French reports -- Appendix iii: the Japanese early science curriculum.
|
| 520 |
|
|
|a In this provocative book, influential scholar E.D. Hirsch, Jr., addresses critical issues in contemporary education reform - over-testing, teacher blaming, preschool fadeout, and the persistence of achievement gaps over time. In each case, he shows how cherished truisms about education and child development have led to unintended and negative consequences. Drawing on recent findings in neuroscience and new data from France, he provides new evidence for the argument that a coherent, knowledge-based elementary curriculum is essential to providing the foundations for children's life success and ensuring equal opportunity for students of all backgrounds.
|
| 650 |
|
0 |
|a Education, Elementary
|x Curricula.
|0 http://id.loc.gov/authorities/subjects/sh2008102741
|
| 650 |
|
0 |
|a Educational change.
|0 http://id.loc.gov/authorities/subjects/sh90003113
|
| 650 |
|
0 |
|a Educational accountability.
|0 http://id.loc.gov/authorities/subjects/sh85041104
|
| 650 |
|
0 |
|a Education
|x Standards.
|0 http://id.loc.gov/authorities/subjects/sh85041020
|
| 650 |
|
0 |
|a Education
|x Aims and objectives.
|0 http://id.loc.gov/authorities/subjects/sh85040992
|
| 650 |
|
0 |
|a Educational innovations.
|0 http://id.loc.gov/authorities/subjects/sh85041127
|
| 650 |
|
7 |
|a Education
|x Aims and objectives.
|2 fast
|0 (OCoLC)fst00902507
|
| 650 |
|
7 |
|a Education, Elementary
|x Curricula.
|2 fast
|0 (OCoLC)fst00902959
|
| 650 |
|
7 |
|a Education
|x Standards.
|2 fast
|0 (OCoLC)fst00902789
|
| 650 |
|
7 |
|a Educational accountability.
|2 fast
|0 (OCoLC)fst00903326
|
| 650 |
|
7 |
|a Educational change.
|2 fast
|0 (OCoLC)fst00903371
|
| 650 |
|
7 |
|a Educational innovations.
|2 fast
|0 (OCoLC)fst00903483
|
| 945 |
|
|
|b 749868
|
| 947 |
|
|
|a A14843439127
|
| 994 |
|
|
|a 92
|b TXA
|
| 948 |
|
|
|a Cataloged
|b h
|c 2016/8/29
|d c
|e AReeder
|
| 999 |
f |
f |
|s e744d096-d70e-3fab-893f-d06ed4614313
|i 1185fd35-51f2-3b46-ba1c-6efbad4e8c80
|t 0
|
| 952 |
f |
f |
|p normal
|a Texas A&M University
|b College Station
|c Sterling C. Evans Library
|d Evans: Library Stacks
|t 0
|e LB1570 .H57 2016
|h Library of Congress classification
|i unmediated -- volume
|m A14843439127
|
| 998 |
f |
f |
|a LB1570 .H57 2016
|t 0
|l Evans: Library Stacks
|